000 00387nam a2200145Ia 4500
008 231217s9999 xx 000 0 und d
041 _aEnglish
082 _a001.6424FOR RED R
100 _aReddy, Rama N Ziegler, Carol A
245 0 _aFortran 77: With applications for scientists and engineers
260 _c1990
_bJaico
300 _axix+564
650 _aFortran
942 _cAA
999 _c162429
_d162429